[Event "Kiel op"]
[Site "Kiel"]
[Date "2025.07.01"]
[Round "2"]
[White "Rzap, Filip"]
[Black "Mickiewicz, Piotr"]
[Result "0-1"]
[WhiteElo "2059"]
[BlackElo "2224"]
[PlyCount "68"]
[EventDate "2025.06.30"]
[EventType "swiss"]
[EventRounds "9"]
[EventCountry "GER"]
[SourceTitle "CB28_2025"]
[SourceDate "2025.07.09"]
[SourceVersion "1"]
[SourceVersionDate "2025.07.09"]
[SourceQuality "1"]

1. d4 Nf6 2. c4 g6 3. Nc3 Bg7 4. e4 d6 5. h3 0-0 6. Be3 c5 7. Nf3 cxd4 8. Nxd4 Nc6 9. Be2 Bd7 10. 0-0 Nxd4 11. Bxd4 Bc6 12. Qc2 a5 13. Rad1 Nd7 14. Bxg7 Kxg7 15. Rfe1 a4 16. Bf1 Qa5 17. Nd5 Rfe8 18. Re3 e5 19. Nc3 Qb4 20. Red3 Re6 21. g3 Nc5 22. Rxd6 Rxd6 23. Rxd6 a3 24. Rd2 Nxe4 25. Nxe4 Bxe4 26. Qc1 axb2 27. Qxb2 Qxb2 28. Rxb2 Bc6 29. Bg2 e4 30. Kf1 Ra4 31. Rc2 Kf6 32. Ke2 Ke5 33. Kd2 e3+ 34. Kxe3 Ra3+ 0-1

[Event "POL-chT U20 2nd League"]
[Site "Sypniewo"]
[Date "2025.06.20"]
[Round "3.104"]
[White "Niedorys, Karolina"]
[Black "Rzap, Filip"]
[Result "0-1"]
[WhiteElo "1697"]
[BlackElo "2059"]
[PlyCount "62"]
[EventDate "2025.06.18"]
[EventType "team-swiss"]
[EventRounds "9"]
[EventCountry "POL"]
[SourceTitle "CB27_2025"]
[SourceDate "2025.07.02"]
[SourceVersion "1"]
[SourceVersionDate "2025.07.02"]
[SourceQuality "1"]
[WhiteTeam "Krosno Urania"]
[BlackTeam "Uzdowo"]
[WhiteTeamCountry "POL"]
[BlackTeamCountry "POL"]

1. d4 Nf6 2. c4 e6 3. Nf3 d5 4. g3 Bb4+ 5. Bd2 Be7 6. Bg2 0-0 7. 0-0 c6 8. Qc2 b6 9. b3 Nbd7 10. Rd1 Ba6 11. Bg5 Rc8 12. Nbd2 c5 13. e3 h6 14. Bxf6 Bxf6 15. Rac1 Qe7 16. Qb1 cxd4 17. exd4 dxc4 18. bxc4 Rc7 19. d5 exd5 20. cxd5 Nc5 21. Nc4 Qe4 22. Qxe4 Nxe4 23. Nfe5 Bxe5 24. Nxe5 Nc3 25. Nc6 Ne2+ 26. Kh1 Nxc1 27. d6 Rxc6 28. Bxc6 Nd3 29. Rd2 Rd8 30. d7 Ne5 31. Ba4 Bb7+ 0-1

[Event "POL-chT U20 2nd League"]
[Site "Sypniewo"]
[Date "2025.06.18"]
[Round "1.80"]
[White "Dudek, Bartlomiej"]
[Black "Rzap, Filip"]
[Result "0-1"]
[WhiteElo "1717"]
[BlackElo "2059"]
[PlyCount "68"]
[EventDate "2025.06.18"]
[EventType "team-swiss"]
[EventRounds "9"]
[EventCountry "POL"]
[SourceTitle "CB27_2025"]
[SourceDate "2025.07.02"]
[SourceVersion "1"]
[SourceVersionDate "2025.07.02"]
[SourceQuality "1"]
[WhiteTeam "Tarnowskie Gory Mat"]
[BlackTeam "Uzdowo"]
[WhiteTeamCountry "POL"]
[BlackTeamCountry "POL"]

1. e4 e5 2. d4 exd4 3. c3 dxc3 4. Bc4 cxb2 5. Bxb2 d5 6. Bxd5 Nf6 7. Bxf7+ Kxf7 8. Qxd8 Bb4+ 9. Qd2 Bxd2+ 10. Nxd2 Re8 11. f3 Nc6 12. Ne2 Be6 13. Nf4 Rad8 14. Nxe6 Rxe6 15. Nb3 Nb4 16. 0-0 Nd3 17. Rfd1 Red6 18. Ba3 R6d7 19. Rd2 b6 20. Rad1 c5 21. Nc1 Ne5 22. Rxd7+ Rxd7 23. Rxd7+ Nfxd7 24. Bb2 Nc4 25. Bc3 b5 26. Kf2 b4 27. Be1 a5 28. Ke2 a4 29. Bf2 Na3 30. Be1 Nc2 31. Bd2 c4 32. Kd1 b3 33. axb3 axb3 34. Bf4 Nd4 0-1

[Event "Bialystok Zamenhof Memorial 43rd"]
[Site "Bialystok"]
[Date "2024.12.31"]
[Round "9"]
[White "Rzap, Filip"]
[Black "Jarzebowski, Kacper"]
[Result "0-1"]
[WhiteElo "1912"]
[BlackElo "2099"]
[PlyCount "84"]
[EventDate "2024.12.27"]
[EventType "swiss"]
[EventRounds "9"]
[EventCountry "POL"]
[SourceTitle "CB02_2025"]
[SourceDate "2025.01.08"]
[SourceVersion "1"]
[SourceVersionDate "2025.01.08"]
[SourceQuality "1"]

1. e4 c5 2. Nf3 a6 3. c4 d6 4. d4 Nf6 5. Nc3 cxd4 6. Nxd4 e6 7. Be2 Be7 8. 0-0 0-0 9. Be3 b6 10. Rc1 Bb7 11. f3 Nbd7 12. Qd2 Rc8 13. Rfd1 Qc7 14. a3 Qb8 15. b4 Bd8 16. Kh1 Bc7 17. Bg1 Rfe8 18. Qa2 Qa8 19. Bf1 h5 20. Bf2 Ne5 21. Nb3 Kh7 22. c5 bxc5 23. bxc5 d5 24. f4 Neg4 25. e5 Ne4 26. Nxe4 dxe4 27. h3 Nxf2+ 28. Qxf2 Bd5 29. Bc4 Red8 30. Bxd5 Rxd5 31. Qe3 Kg8 32. Rd2 Rb8 33. Rcd1 Qc6 34. Rxd5 exd5 35. Qc3 Qa4 36. Rb1 d4 37. Qc2 d3 38. Qc3 Ba5 39. Qb2 Rxb3 40. Qxb3 Qxb3 41. Rxb3 d2 42. Rb1 e3 0-1

[Event "Bialystok Zamenhof Memorial 43rd"]
[Site "Bialystok"]
[Date "2024.12.30"]
[Round "8"]
[White "Kwiatkowski, Wiktor"]
[Black "Rzap, Filip"]
[Result "1-0"]
[WhiteElo "2087"]
[BlackElo "1912"]
[PlyCount "79"]
[EventDate "2024.12.27"]
[EventType "swiss"]
[EventRounds "9"]
[EventCountry "POL"]
[SourceTitle "CB02_2025"]
[SourceDate "2025.01.08"]
[SourceVersion "1"]
[SourceVersionDate "2025.01.08"]
[SourceQuality "1"]

1. e4 e5 2. Nf3 Nc6 3. Bb5 a6 4. Ba4 Nf6 5. d4 exd4 6. 0-0 Be7 7. e5 Ne4 8. Nxd4 Nxd4 9. Qxd4 Nc5 10. Nc3 Nxa4 11. Qxa4 0-0 12. Bf4 Rb8 13. Rad1 b5 14. Qd4 b4 15. Nd5 Bb7 16. Ne3 Bc6 17. Nf5 Rb5 18. Qe3 Kh8 19. Qg3 Rg8 20. Rfe1 Rd5 21. Qb3 Rxd1 22. Rxd1 Qe8 23. Qc4 Bf8 24. Nd4 g5 25. Bg3 Rg6 26. e6 fxe6 27. Nxc6 dxc6 28. Bxc7 e5 29. Rd8 Qe7 30. Rxf8+ Qxf8 31. Bxe5+ Rg7 32. Qxc6 Qd8 33. h3 Kg8 34. Bxg7 Kxg7 35. Qb7+ Kg8 36. Qxb4 Qd1+ 37. Kh2 Qxc2 38. Qb3+ Qxb3 39. axb3 Kf7 40. Kg3 1-0

[Event "Bialystok Zamenhof Memorial 43rd"]
[Site "Bialystok"]
[Date "2024.12.28"]
[Round "3"]
[White "Rzap, Filip"]
[Black "Smetek, Michal"]
[Result "1/2-1/2"]
[WhiteElo "1912"]
[BlackElo "2157"]
[PlyCount "111"]
[EventDate "2024.12.27"]
[EventType "swiss"]
[EventRounds "9"]
[EventCountry "POL"]
[SourceTitle "CB02_2025"]
[SourceDate "2025.01.08"]
[SourceVersion "1"]
[SourceVersionDate "2025.01.08"]
[SourceQuality "1"]

1. d4 Nf6 2. c4 c5 3. d5 b5 4. cxb5 a6 5. bxa6 d6 6. Nc3 Bxa6 7. g3 g6 8. Bg2 Bg7 9. Nf3 0-0 10. 0-0 Nbd7 11. Qc2 Qa5 12. Rb1 Rfb8 13. b3 Ne8 14. Bd2 Nc7 15. Rfd1 Qb6 16. a4 Ra7 17. Bf1 Qb7 18. e4 Bxf1 19. Rxf1 Ra6 20. Bg5 Kf8 21. Nd2 Bxc3 22. Qxc3 f6 23. Bf4 Rb6 24. Rb2 Rb4 25. Rfb1 Qa6 26. Nc4 Kf7 27. Bd2 Nb6 28. Nxb6 R4xb6 29. a5 R6b7 30. b4 c4 31. Rc1 Nb5 32. Qxc4 Rc7 33. Qf1 Rxc1 34. Bxc1 Rc8 35. Be3 Qb7 36. Bb6 Nc3 37. Rc2 Nxe4 38. Rxc8 Qxc8 39. Qd3 Ng5 40. h4 Qc1+ 41. Kg2 Nh3 42. Qf1 Nf4+ 43. gxf4 Qxf4 44. b5 Qg4+ 45. Kh2 Qxh4+ 46. Qh3 Qf4+ 47. Qg3 Qc4 48. Qh3 Qf4+ 49. Kh1 Qc1+ 50. Kg2 Qg5+ 51. Qg3 Qxd5+ 52. f3 Qxb5 53. Qh4 h5 54. Qe1 g5 55. Bf2 g4 56. Qc3 1/2-1/2